| 000 | 01228cam a2200289 a 4500 | ||
|---|---|---|---|
| 003 | EG-GiCUC | ||
| 005 | 20250223030425.0 | ||
| 008 | 110602s1996 ua d f m 000 0 eng d | ||
| 040 |
_aEG-GiCUC _beng _cEG-GiCUC |
||
| 041 | 0 | _aeng | |
| 049 | _aDeposite | ||
| 097 | _aM.Sc | ||
| 099 | _aCai01.07.04.M.Sc.1996.Do.B | ||
| 100 | 0 | _aDoha Abdou Mohamed | |
| 245 | 1 | 0 |
_aBiochemical and nutritional aspects of some natural and synthetic anti inflammatory agents / _cDoha Abdou Mohamed ; Supervised Abdelkader Moursy Abdelsamad , Sahar Yousef Alokbi , Nagwa Mohamed Ammar |
| 246 | 1 | 5 | _aدراسات كيميائية حيوية وغذائية على بعض مضادات الالتهابات الطبيعية والمخلقة |
| 260 |
_aCairo : _bDoha Abdou Mohamed , _c1996 |
||
| 300 |
_a202 Leaves : _bcharts ; _c30cm |
||
| 502 | _aThesis (M.Sc.) - Cairo University - Faculty of Agriculture - Department of Agricultural Biochemistry | ||
| 700 | 0 |
_aAbdelkader Moursy Abdelsamad , _eSupervisor |
|
| 700 | 0 |
_aNagwa Mohamed Ammar , _eSupervisor |
|
| 700 | 0 |
_aSahar Yousef Alokbi , _eSupervisor |
|
| 856 | _uhttp://172.23.153.220/th.pdf | ||
| 905 |
_aNazla _eRevisor |
||
| 905 |
_aSoheir _eCataloger |
||
| 942 |
_2ddc _cTH |
||
| 999 |
_c34374 _d34374 |
||